00354 a2200097 4500001000900000005001700009008004100026245011900067100002700186773004300213ART_634720260410161619.0260409a 10aLa actuación del contador publico como asesor financiero de las Pymes y las sociedades de garantía recíproca1 aRodríguez, Raquel E.0 tEnfoquesg- Nº 12 (dic. 2008)wREV416